LEDJaNYE OBRAZOVANIJa PEŠčERY ‹‹LEDENIKA›› (BPAČAHCKA PLAHIHA)

Podrobná bibliografia
Hlavný autor: Popov, Vladimir (Autor)
Médium: Článok
Jazyk:ruština

MARC

LEADER 00000nab a2200000uu 4500
001 vtls011145641
003 SK-MaSNL
005 20260303145804.0
008 230222|1971 xo |||||||||||||||||rus|
015 |a SNBRB 
035 |a (urnnbn)urn:nbn:sk:snk:ar-008jrn 
035 |a (uuid)8e54f178-56b3-420f-b852-882315177486 
035 |a urn:nbn:sk:snk-abawe2 
040 |a SNKBUCL  |b slo  |c SNKBUCL  |e AACR2 
041 0 |a rus 
044 |a xo  |c SK 
100 1 |a Popov, Vladimir  |4 aut  |9 383281 
245 1 0 |a LEDJaNYE OBRAZOVANIJa PEŠčERY ‹‹LEDENIKA›› (BPAČAHCKA PLAHIHA)  |c Vladimir Popov 
773 0 |t Slovenský kras : sborník Múzea slovenského krasu v Lipt. Mikuláši  |g Roč. 9, č. 1 (1971), s. 151-[162] 
958 |a OND 
958 |a EUIPO 
958 |a article14 
999 |c 2005231  |d 2007161